书目信息 |
| 题名: |
西方左翼视域中的当代中国与社会主义
|
|
| 作者: | 范春燕 著 | |
| 分册: | ||
| 出版信息: | 北京 中国社会科学出版社 2017 |
|
| 页数: | 170页 | |
| 开本: | 24cm | |
| 丛书名: | ||
| 单 册: | ||
| 中图分类: | B089.1 , D61 | |
| 科图分类: | ||
| 主题词: | 西方马克思主义--xi fang ma ke si zhu yi--研究 , 马克思主义--ma ke si zhu yi--发展--研究--中国 | |
| 电子资源: | ||
| ISBN: | 978-7-5161-9234-4 | |
| 000 | 01146nam0 22002531 450 | |
| 001 | 1738604479 | |
| 005 | 20170627164622.0 | |
| 010 | @a978-7-5161-9234-4@dCNY39.00 | |
| 100 | @a20170407d2017 em y0chiy50 ea | |
| 101 | 0 | @achi@aeng |
| 102 | @aCN@b110000 | |
| 105 | @ay z 000yy | |
| 106 | @ar | |
| 200 | 1 | @a西方左翼视域中的当代中国与社会主义@9xi fang zuo yi shi yu zhong de dang dai zhong guo yu she hui zhu yi@f范春燕著 |
| 210 | @a北京@c中国社会科学出版社@d2017 | |
| 215 | @a170页@d24cm | |
| 330 | @a本书主要考察了五个西方左翼流派及其对当代中国与社会主义的相关研究。主要包括:“市场社会主义论”及其对中国市场化改革的研究、“世界体系论”及其对全球政治经济新格局和中国崛起的研究、“海外中国学左翼”及其对中国的马克思主义和社会主义的讨论、“后现代马克思主义”及其对“后”时代的中国和社会主义的解读、“左翼激进哲学”及其对毛主义和文化大革命的反思。 | |
| 606 | 0 | @a西方马克思主义@9xi fang ma ke si zhu yi@x研究 |
| 606 | 0 | @a马克思主义@9ma ke si zhu yi@x发展@x研究@y中国 |
| 690 | @aB089.1@v5 | |
| 690 | @aD61@v5 | |
| 701 | 0 | @a范春燕@9fan chun yan@f(1971~)@4著 |
| 801 | 0 | @aCN@bTANGWEI@c20170621 |
| 905 | @b1015819-24@dB089.1@e75@f6 | |
| 西方左翼视域中的当代中国与社会主义/范春燕著 .-北京:中国社会科学出版社,2017 |
| 170页;24cm |
| ISBN 978-7-5161-9234-4:CNY39.00 |
| 本书主要考察了五个西方左翼流派及其对当代中国与社会主义的相关研究。主要包括:“市场社会主义论”及其对中国市场化改革的研究、“世界体系论”及其对全球政治经济新格局和中国崛起的研究、“海外中国学左翼”及其对中国的马克思主义和社会主义的讨论、“后现代马克思主义”及其对“后”时代的中国和社会主义的解读、“左翼激进哲学”及其对毛主义和文化大革命的反思。 |
| ● |
| 相关链接 |
|
|
|
|
正题名:西方左翼视域中的当代中国与社会主义
索取号:B089.1/75
 
预约/预借
| 序号 | 登录号 | 条形码 | 馆藏地/架位号 | 状态 | 备注 |
| 1 | 1015819 | 210158194 | 第一样本阅览室/ [索取号:B089.1/75] | 在馆 | |
| 2 | 1015820 | 210158201 | 教育系资料室/ [索取号:B089.1/75] | 在馆 | |
| 3 | 1015821 | 210158210 | 教育系资料室/ [索取号:B089.1/75] | 在馆 | |
| 4 | 1015822 | 210158229 | 教育系资料室/ [索取号:B089.1/75] | 在馆 | |
| 5 | 1015823 | 210158238 | 第一借阅区/ [索取号:B089.1/75] | 在馆 | |
| 6 | 1015824 | 210158247 | 第一借阅区/ [索取号:B089.1/75] | 在馆 |